Natural rubber materials. Vol 2. Composites and nanocomposites (Record no. 74659)

MARC details
000 -LEADER
fixed length control field 00637nam a22002177a 4500
020 ## - INTERNATIONAL STANDARD BOOK NUMBER
ISBN 978-1-84973-631-2
022 ## - INTERNATIONAL STANDARD SERIAL NUMBER
ISSN 2044-0790
082 ## - DEWEY DECIMAL CLASSIFICATION NUMBER
Classification number NR:62:678-036
Item number THO.2
100 ## - MAIN ENTRY--AUTHOR NAME
Personal name THOMAS, Sabu, etal. Ed.
245 ## - TITLE STATEMENT
Title Natural rubber materials. Vol 2. Composites and nanocomposites
260 ## - PUBLICATION, DISTRIBUTION, ETC. (IMPRINT)
Place of publication Cambridge
Name of publisher Royal Society of Chemistry
Year of publication 2014
300 ## - PHYSICAL DESCRIPTION
Number of Pages 830p.
Other physical details HB
650 ## - SUBJECT ADDED ENTRY--TOPICAL TERM
Topical Term NR nanocomposites
650 ## - SUBJECT ADDED ENTRY--TOPICAL TERM
Topical Term Nanofillers
650 ## - SUBJECT ADDED ENTRY--TOPICAL TERM
Topical Term Carbon black reinforcement
650 ## - SUBJECT ADDED ENTRY--TOPICAL TERM
Topical Term Silica reinforcement
650 ## - SUBJECT ADDED ENTRY--TOPICAL TERM
Topical Term Clay reinforcement
650 ## - SUBJECT ADDED ENTRY--TOPICAL TERM
Topical Term Natural fibre reinforcement
650 ## - SUBJECT ADDED ENTRY--TOPICAL TERM
Topical Term Green bionanocomposites
942 ## - ADDED ENTRY ELEMENTS (KOHA)
Koha item type Books
Holdings
Withdrawn status Lost status Damaged status Not for loan Home library Current library Date acquired Source of acquisition Cost, normal purchase price Full call number Accession Number Koha item type
        RRII Library RRII Library 06/04/2022 M/s.Southern Book Star, Trivandrum Inv No SBS T/335 dt 23.3.22 for Rs 9531.00 for 2 books 5995.00 NR:62:678-036 THO.2 23525 Books